| 000 | 01188cam a2200241 a 4500 | ||
|---|---|---|---|
| 001 | 16245523 | ||
| 005 | 20130327133312.0 | ||
| 008 | 100521s2010 ilu 000 0 eng | ||
| 010 | _a 2010020832 | ||
| 020 | _a9781414338040 (hc) | ||
| 082 | 0 | 0 |
_a158.4 _222 _bDUN |
| 100 | 1 |
_aDungy, Tony. _932987 |
|
| 245 | 1 | 4 |
_aThe Mentor Leader / _cTony Dungy with Nathan Whitaker. |
| 260 |
_aCarol Stream, Ill. : _bTyndale House Publishers, _cc2010. |
||
| 300 |
_axviii, 230 p. ; _c24 cm. |
||
| 505 | 0 | _aA different way to lead -- The mind-set of a mentor leader -- The maturity of a mentor leader -- The marks of a mentor leader -- The mandate of a mentor leader -- The model of a mentor leader : living the message -- The means of a mentor leader : maximizing team performance -- The methods of a mentor leader : the seven E's of maximizing potential -- The measure of a mentor leader : a life of significance -- Q&A with Tony Dungy. | |
| 650 | 0 |
_aLeadership _xReligious aspects _xChristianity. _932988 |
|
| 650 | 0 |
_aMentoring _xReligious aspects _xChristianity. _932989 |
|
| 650 | 0 |
_aLeadership. _932990 |
|
| 650 | 0 |
_aMentoring. _932991 |
|
| 700 | 1 |
_aWhitaker, Nathan. _932992 |
|
| 942 |
_2ddc _cBB |
||
| 999 |
_c17406 _d17378 |
||